IASB exposure draft of a proposed ifrs for small and medium-sized entities (Record no. 106926)
[ view plain ]
| 000 -LEADER | |
|---|---|
| fixed length control field | 01150cam a22002415a 4500 |
| 001 - CONTROL NUMBER | |
| control field | L137903 |
| 008 - FIXED-LENGTH DATA ELEMENTS--GENERAL INFORMATION | |
| fixed length control field | 070504s2007 xxk f 000 0 eng d |
| 020 ## - INTERNATIONAL STANDARD BOOK NUMBER | |
| International Standard Book Number | 9781841409429 |
| 035 ## - SYSTEM CONTROL NUMBER | |
| System control number | (Sirsi) u137903 |
| 041 0# - LANGUAGE CODE | |
| Language code of text/sound track or separate title | eng |
| 050 04 - LIBRARY OF CONGRESS CALL NUMBER | |
| Classification number | 657.3 $2 18 |
| 110 2# - MAIN ENTRY--CORPORATE NAME | |
| Corporate name or jurisdiction name as entry element | Accounting Standards Board |
| 9 (RLIN) | 3454 |
| 245 00 - TITLE STATEMENT | |
| Title | IASB exposure draft of a proposed ifrs for small and medium-sized entities |
| 260 ## - PUBLICATION, DISTRIBUTION, ETC. | |
| Place of publication, distribution, etc. | London |
| Name of publisher, distributor, etc. | ASB |
| Date of publication, distribution, etc. | 2007 |
| 300 ## - PHYSICAL DESCRIPTION | |
| Extent | 408p. |
| Dimensions | 21cm. |
| 350 ## - PRICE (NR) (BK AM CF MU VM SE) [OBSOLETE] | |
| Price | 18 |
| 505 2# - FORMATTED CONTENTS NOTE | |
| Formatted contents note | Preface -- Invitation to comment -- Exposure draft -- Basis for conclusions -- Alternative view -- Implementation guidance |
| 520 ## - SUMMARY, ETC. | |
| Summary, etc. | Aims to facilitate SMEs to provide quality, understandable and enforceable accounting standards with global relevance. It is hoped that the financial reporting burden will be reduced. Describes differences between existing UK GAAP/FRSSE and the proposed IFRS for SMEs. Describes the intended impact on reporting requirements. Consultation period closes 31 July 2007. |
| 590 ## - LOCAL NOTE (RLIN) | |
| Local note | KA |
| 651 #4 - SUBJECT ADDED ENTRY--GEOGRAPHIC NAME | |
| Geographic name | International |
| 690 ## - LOCAL SUBJECT ADDED ENTRY--TOPICAL TERM (OCLC, RLIN) | |
| Topical term or geographic name as entry element | MANAGEMENT-BUSINESS MANAGEMENT-FINANCIAL MANAGEMENT-ACCOUNTING-FINANCIAL REPORTING |
| 942 ## - ADDED ENTRY ELEMENTS (KOHA) | |
| Suppress in OPAC | 0 |
| Withdrawn status | Lost status | Source of classification or shelving scheme | Damaged status | Not for loan | Home library | Current library | Shelving location | Date acquired | Total Checkouts | Full call number | Barcode | Date last seen | Copy number | Price effective from | Koha item type |
|---|---|---|---|---|---|---|---|---|---|---|---|---|---|---|---|
| Dewey Decimal Classification | London | London | Books | 14/06/2007 | BOXED SET | 30073881 | 06/08/2019 | 1 | 06/08/2019 | Book |